00776 a2200229 4500003000700000005001700007008004100024040003300065041000800098050002200106100002000128245012200148260004200270300003200312336002300344337003000367338002700397500005500424650001500479650002100494650003100515CBULib20240130094424.0240117b |||||||| |||| 00| 0 eng d cCBULibaCBULibbEnglisherda aeng aCBU-PG THESIS/KAS aKasongo, Martha aCoverage and factors associated with access to improved sanitation in Mackenzie compound, Ndolac/ by Martha Kasongo  bCopperbelt University,c2022.aNdola: ax, 35 pages : illustrations 2rdacontentaText | 2rdamediaaUnmediated |bn 2rdacarrieraVolumebnc aincludes bibliographical references and appendices 0aSANITATION 0aURBAN SANITATION 0aMACKENZIE COMPOUND - NDOLA